טוען...

SIVADVAITAPATHAVIDHI

מידע ביבליוגרפי
מחבר ראשי: NAGA LINGA SIVASADDYA
פורמט: Printed Book
יצא לאור: TENALI BHARATHI PRESS 1935
נושאים:
LEADER 00408nam a2200169 4500
020
082
100 |a NAGA LINGA SIVASADDYA 
245 |a SIVADVAITAPATHAVIDHI  |h SANSKRIT 
250
260 |a TENALI  |b BHARATHI PRESS  |c 1935 
300 |f PB 
650 |a SIVADVAITAPATHAVIDHI 
700
942 |c BK 
999 |c 159356  |d 159356 
952 |0 0  |1 0  |4 0  |7 0  |9 172813  |a ORI  |b ORI  |l 0  |p ORIS1170  |r 2019-10-25  |w 2019-10-25  |y BK